Genetics: Laboratory exercises

Сохранить в:
Библиографические подробности
Главный автор: Eldon J Gardner
Формат:
Язык:Undetermined
Опубликовано: Minnesota Burgess Publishing Company 1964
Предметы:
Метки: Добавить метку
Нет меток, Требуется 1-ая метка записи!
Thư viện lưu trữ: Trung tâm Học liệu Trường Đại học Cần Thơ
LEADER 00504nam a2200181Ia 4500
001 CTU_29942
008 210402s9999 xx 000 0 und d
082 |a 575.1 
082 |b G226 
100 |a Eldon J Gardner 
245 0 |a Genetics: Laboratory exercises 
245 0 |c Eldon J Gardner 
260 |a Minnesota 
260 |b Burgess Publishing Company 
260 |c 1964 
650 |a genetics - laboratory manual 
904 |i Liên, 970115 
980 |a Trung tâm Học liệu Trường Đại học Cần Thơ